El niño de 1 a 5 años : (Registro nro. 27146)

MARC details
000 -LÍDER
campo de control de logitud fija 00762cam a2200241 a 4500
001 - NÚMERO DE CONTROL
control field u162101
003 - IDENTIFICADOR DEL NÚMERO DE CONTROL
campo de control SIRSI
008 - ELEMENTOS DE LONGITUD FIJA -- INFORMACIÓN GENERAL
campo de control de longitud fija 880531s1980 a fr 000 0 spa d
040 ## - FUENTE DE CATALOGACION
Agencia que realiza la transcripción MX-MeUAM
041 1# - CÓDIGO DE IDIOMA
Código de idioma para texto/pista de sonido o título separado spa
050 #0 - SIGNATURA TOPOGRÁFICA DE LA BIBLIOTECA DEL CONGRESO
Classification number BF721
Item number G48
100 1# - ASIENTO PRINCIPAL--NOMBRE PERSONAL
Personal name Gesell, Arnold,
Dates associated with a name 1880-1961.
245 13 - MENCIÓN DE TITULO
Title El niño de 1 a 5 años :
Remainder of title guía para el estudio del niño preescolar /
Statement of responsibility, etc. Arnold Gesell ; Frances L. Ilg. ; supervisión y presentación de la ed. castellana Telma Reca.
260 ## - PUBLICACION, DISTRIBUCION, ETC.
Date of publication, distribution, etc. 1980.
300 ## - DESCRIPCIÓN FÍSICA
Extent 394 p.;
Dimensions 23 cm.
490 0# - MENCIÓN DE SERIE
Series statement Biblioteca de Psicologia Evolutiva ;
Volume/sequential designation 2.
504 ## - NOTA DE BIBLIOGRAFÍA, ETC.
Bibliography, etc Bibliografia: p. 389-394.
596 ## -
-- 8
650 #4 - ASIENTO SECUNDARIO DE MATERIA - TERMINO TEMÁTICO
Topical term or geographic name as entry element Niño, Estudio del.
650 #7 - ASIENTO SECUNDARIO DE MATERIA - TERMINO TEMÁTICO
Topical term or geographic name as entry element Educacion preescolar.
700 1# - ASIENTO SECUNDARIO - NOMBRE PERSONAL
Personal name Ilg, Frances Lillian, 1902.
942 ## - TIPO DE MATERIAL (KOHA)
Koha item type Reserva absoluta
Existencias
Estado de retiro Fuente de clasificación Colección Ubicación permanente Ubicación actual Fecha de ingreso Precio Signatura topográfica Código de barras Date last seen Número de copia Tipo de material
    Acervo General Facultad de Ciencias Humanas Facultad de Ciencias Humanas 01/07/2023 307.00 BF721 G48 HUM002331 11/08/2017 1 Reserva absoluta

Con tecnología Koha